Yasir Arafat

Bibliographic Details
Main Author: Kiernan, Thomas
Format: Book
Published: Great Britian : Cox & Wyman Ltd , 1975
Subjects:

MARC

LEADER 00000cam a2200000 7i4500
001 0000004095
005 20160420.0
090 0 0 |a 923.25694   |b ARA 
100 0 0 |a Kiernan, Thomas 
245 1 0 |a Yasir Arafat   |c Thomas Kiernan 
260 0 0 |a Great Britian :   |b Cox & Wyman Ltd ,   |c 1975 
300 |a 223 pages ;   |c 19 cm. 
650 0 0 |a Autobiography 
998 |a JPSM 
999 |a 007951   |b Monograph   |c Open Shelf   |e Default branch